000
00246nam a2200097Ia 4500
001
689242
005
20250826161630.0
008
250824s9999 xx 000 0 und d
245
0
_a
HZ.MUHAMMED'İN HAYATI
_c
MARTİN LİNGS
260
_b
İNSAN YAYINLARI
999
_c
689242
_d
689242